Westernmost Countries A-Z - Statistics

General Stats
  • This quiz has been taken 1,294 times
    1,293 since last reset
  • The average score is 19 of 24
Answer Stats
Country % Correct
C Canada
96%
U United States
94%
A Argentina
91%
Y Yemen
91%
H Honduras
90%
Q Qatar
90%
O Oman
88%
Z Zambia
88%
E Ecuador
87%
M Mexico
87%
B Belize
86%
G Guatemala
86%
J Jamaica
85%
V Venezuela
85%
P Peru
82%
D Dominican Republic
79%
K Kiribati
72%
I Iceland
70%
F Fiji
67%
R Russia
63%
S Samoa
55%
T Tonga
53%
L Liberia
43%
N New Zealand
40%
No matching quizzes found
Score Distribution
Percent of People with Each Score
Percentile by Number Answered
Your Score History
You have not taken this quiz since the last reset